| 000 | 00495nam a22001817a 4500 | ||
|---|---|---|---|
| 003 | OSt | ||
| 005 | 20151116132736.0 | ||
| 008 | 130829t xxu||||| |||| 00| 0 eng d | ||
| 050 |
_aPZ 7 _b.Al355 1963 |
||
| 082 |
_aHS 808.83 _bM27 1963 |
||
| 100 | _aAlcott ,Louisa May | ||
| 245 |
_a Little men / _cLouisa May Alcott. |
||
| 260 |
_aNew York : _bGrosset & Dunlap, _c1963. |
||
| 300 |
_a812 p. ; _c19 cm. |
||
| 650 |
_aChildren's literature _xCollections _914961 |
||
| 942 |
_2lcc _cBK |
||
| 999 |
_c9762 _d9762 |
||